[Event "Glorney Gilbert International 2016 - Gilbert"]
[Site "Daventry"]
[Date "2016.07.17"]
[Round "1.1"]
[White "Reid, Caitlin"]
[Black "Camp, Imogen Al"]
[Result "1/2-1/2"]
[WhiteElo "1471"]
[BlackElo "1726"]
[PlyCount "60"]
[EventDate "2016.07.17"]
[WhiteTeam "Scotland"]
[BlackTeam "Wales"]

1. e4 e5 2. Nf3 Nc6 3. d4 exd4 4. Bc4 Bc5 5. c3 Nf6 6. e5 d5 7. exf6 dxc4 8.
fxg7 Rg8 9. O-O Rxg7 10. Qe2+ Be6 11. Re1 Qd5 12. Nbd2 O-O-O 13. b4 Bb6 14. Bb2
Bh3 15. g3 dxc3 16. Bxc3 Bd4 17. Rac1 Bxc3 18. Rxc3 Nxb4 19. Nxc4 Bg4 20. Nce5
Re8 21. Re3 Bxf3 22. Nxf3 Rxe3 23. Qxe3 Nc6 24. a3 Rg8 25. Qf4 a6 26. h4 Qh5
27. Ng5 Nd8 28. Kg2 Qg6 29. Rc1 Qb6 30. Nxf7 Kb8 1/2-1/2

[Event "Glorney Gilbert International 2016 - Gilbert"]
[Site "Daventry"]
[Date "2016.07.17"]
[Round "1.1"]
[White "Wang, Alyssa"]
[Black "Hegde, Stuthi"]
[Result "1-0"]
[WhiteElo "1708"]
[BlackElo "1408"]
[PlyCount "69"]
[EventDate "2016.07.17"]
[WhiteTeam "Wales"]
[BlackTeam "Scotland"]

1. d4 d5 2. c4 e6 3. Nf3 Nf6 4. Nc3 Be7 5. Bg5 O-O 6. e3 h6 7. Bh4 Ne4 8. Bxe7
Qxe7 9. Qc2 Nxc3 10. Qxc3 b6 11. Rc1 c6 12. c5 b5 13. a4 a6 14. Bd3 Nd7 15. O-O
Re8 16. e4 dxe4 17. Bxe4 Bb7 18. Rfe1 Nf6 19. Ne5 Nxe4 20. Rxe4 Qc7 21. Rce1
Rad8 22. Rg4 bxa4 23. Nc4 Rd5 24. Nd6 Re7 25. Qg3 f6 26. Qe3 Kf8 27. f4 Bc8 28.
Rg6 Qb8 29. Qf2 Qc7 30. g4 Kg8 31. Qh4 Kf8 32. g5 fxg5 33. fxg5 Rxg5+ 34. Rxg5
hxg5 35. Qh8# 1-0

[Event "Glorney Gilbert International 2016 - Gilbert"]
[Site "Daventry"]
[Date "2016.07.17"]
[Round "1.1"]
[White "Smith, Sarah E"]
[Black "Sivarajasingam, Venetia"]
[Result "1/2-1/2"]
[WhiteElo "1471"]
[BlackElo "1698"]
[PlyCount "60"]
[EventDate "2016.07.17"]
[WhiteTeam "Scotland"]
[BlackTeam "Wales"]

1. Nf3 d5 2. c4 Nf6 3. g3 Bf5 4. Bg2 e6 5. O-O Be7 6. b3 Nbd7 7. Bb2 c6 8. d3
h5 9. Nbd2 Rg8 10. Nd4 g6 11. e4 Bg4 12. f3 e5 13. fxg4 exd4 14. Bxd4 Nxg4 15.
Qf3 Nge5 16. Qf4 Bg5 17. Qf2 Bxd2 18. Qxd2 dxc4 19. dxc4 Qe7 20. Qf4 g5 21. Qf5
Rg6 22. Rad1 c5 23. Be3 Ng4 24. Bc1 Nge5 25. Rd5 Nc6 26. Bb2 Nd4 27. Bxd4 cxd4
28. Rd1 O-O-O 29. R5xd4 Rf6 30. Qa5 Ra6 1/2-1/2

[Event "Glorney Gilbert International 2016 - Gilbert"]
[Site "Daventry"]
[Date "2016.07.17"]
[Round "1.2"]
[White "Yuan, Beline"]
[Black "Plaza Reino, Mercedes"]
[Result "0-1"]
[WhiteElo "1782"]
[BlackElo "1655"]
[PlyCount "82"]
[EventDate "2016.07.17"]
[WhiteTeam "France"]
[BlackTeam "Ireland"]

1. d4 d5 2. c4 e6 3. Nc3 Nf6 4. Nf3 c6 5. Bg5 Be7 6. e3 Nbd7 7. Bd3 O-O 8. O-O
h6 9. Bh4 dxc4 10. Bxc4 b5 11. Bb3 a6 12. Rc1 c5 13. Qe2 Bb7 14. Rfd1 c4 15.
Bc2 Nd5 16. Bxe7 Qxe7 17. e4 N5b6 18. a3 Nf6 19. e5 Nfd5 20. Ne4 Bc6 21. Nc5
Nd7 22. Qe4 g6 23. Nxd7 Qxd7 24. Qg4 Rfe8 25. h4 h5 26. Qg5 Qe7 27. Qg3 Rac8
28. Ng5 Nb6 29. Be4 a5 30. Bxc6 Rxc6 31. Ne4 Nd5 32. Rd3 Rd8 33. Rf3 Rf8 34.
Nd6 Rb6 35. Ne4 Rc6 36. Nf6+ Nxf6 37. Rxf6 Rc7 38. Qf3 Rd8 39. Rf4 Rd5 40. Qe3
Rcd7 41. a4 Qb4 0-1

[Event "Glorney Gilbert International 2016 - Gilbert"]
[Site "Daventry"]
[Date "2016.07.17"]
[Round "1.2"]
[White "Manojlovic, Anastasija"]
[Black "Beda, Salome"]
[Result "0-1"]
[WhiteElo "1569"]
[BlackElo "1694"]
[PlyCount "106"]
[EventDate "2016.07.17"]
[WhiteTeam "Ireland"]
[BlackTeam "France"]
[WhiteTeamCountry "IRL"]
[BlackTeamCountry "FRA"]

1. e4 e6 2. d4 d5 3. exd5 exd5 4. Bd3 Bd6 5. Nf3 Ne7 6. O-O O-O 7. Re1 Bf5 8.
c3 Nbc6 9. Qc2 Qd7 10. Nbd2 Rae8 11. Nf1 Bxd3 12. Qxd3 Ng6 13. Ng3 Rxe1+ 14.
Nxe1 Re8 15. Nf3 a6 16. Bd2 Nf4 17. Bxf4 Bxf4 18. Re1 Rxe1+ 19. Nxe1 Qe6 20.
Nf3 Ne7 21. Qc2 Nc8 22. Ne2 Bh6 23. Ne5 Nd6 24. Nf3 g6 25. Ng3 Ne4 26. Nf1 c6
27. Qd1 Qf6 28. Ng3 Qf4 29. Ne2 Qf6 30. Qe1 Qe6 31. Ng3 f5 32. Nh4 f4 33. Ne2
g5 34. Nf3 g4 35. Nd2 Nxd2 36. Qxd2 f3 37. Nf4 Bxf4 38. Qd1 Qe2 39. Qf1 Bxh2+
40. Kxh2 Qxf1 41. Kg3 fxg2 42. Kf4 Qxf2+ 43. Ke5 Kf7 44. Kd6 g1=Q 45. c4 Qgg3+
46. Kc5 dxc4 47. a4 Qf5+ 48. Kb6 Qb3+ 49. Ka7 b5 50. a5 Qd7+ 51. Kb6 Qd3 52.
Kc5 Q7xd4+ 53. Kb4 Qb3# 0-1

[Event "Glorney Gilbert International 2016 - Gilbert"]
[Site "Daventry"]
[Date "2016.07.17"]
[Round "1.3"]
[White "Green, Emily"]
[Black "Graham, Cassie M"]
[Result "0-1"]
[WhiteElo "1688"]
[BlackElo "1866"]
[PlyCount "50"]
[EventDate "2016.07.17"]
[WhiteTeam "England B"]
[BlackTeam "England"]

1. e4 c5 2. Nf3 d6 3. d4 cxd4 4. Nxd4 Nf6 5. Nc3 g6 6. Bc4 Bg7 7. Be3 O-O 8. f3
Nc6 9. Qd2 Bd7 10. O-O-O Qa5 11. Kb1 Rfc8 12. Bb3 Ne5 13. g4 Nc4 14. Bxc4 Rxc4
15. h4 Rac8 16. h5 Rxc3 17. bxc3 Bxg4 18. hxg6 fxg6 19. Rh4 Nxe4 20. fxe4 Bxd1
21. Qxd1 Qxc3 22. Rh3 Rc4 23. Qd3 Rb4+ 24. Kc1 Qe1+ 25. Qd1 Rb1+ 0-1

[Event "Glorney Gilbert International 2016 - Gilbert"]
[Site "Daventry"]
[Date "2016.07.17"]
[Round "1.3"]
[White "Varney, Zoe"]
[Black "Ivanov, Elizabeth"]
[Result "1-0"]
[WhiteElo "1818"]
[BlackElo "1599"]
[PlyCount "35"]
[EventDate "2016.07.17"]
[WhiteTeam "England"]
[BlackTeam "England B"]

1. e4 e5 2. Nf3 Nc6 3. Bc4 d6 4. O-O Be7 5. c3 f5 6. d3 h6 7. Nh4 Nf6 8. Qb3 d5
9. exd5 Na5 10. Qa4+ c6 11. dxc6 bxc6 12. Ng6 Rh7 13. Nxe5 Qc7 14. Re1 g5 15.
Nd2 h5 16. Ndf3 Nxc4 17. Qxc4 Ng4 18. Qg8+ 1-0

[Event "Glorney Gilbert International 2016 - Gilbert"]
[Site "Daventry"]
[Date "2016.07.17"]
[Round "1.3"]
[White "Jina, Asha"]
[Black "Wei, Naomi"]
[Result "0-1"]
[WhiteElo "1572"]
[BlackElo "1750"]
[PlyCount "68"]
[EventDate "2016.07.17"]
[WhiteTeam "England B"]
[BlackTeam "England"]

1. Nf3 Nf6 2. g3 d5 3. Bg2 Bf5 4. O-O e6 5. c4 c6 6. cxd5 exd5 7. d3 Bd6 8. Nc3
O-O 9. Re1 Re8 10. Qb3 Nbd7 11. Nd4 Nc5 12. Qd1 Bg6 13. Nb3 Nxb3 14. Qxb3 d4
15. Nb1 Qd7 16. Bg5 Ng4 17. Nd2 h6 18. Bh4 Bh7 19. h3 Ne5 20. g4 Ng6 21. Bg3
Bxg3 22. fxg3 Re3 23. Ne4 b6 24. Kh2 Ne5 25. Rac1 Re8 26. Rc2 c5 27. a4 c4 28.
Rxc4 Nxc4 29. Qxc4 Bxe4 30. Bxe4 Qd6 31. Rg1 Rxe2+ 32. Kh1 Re3 33. Rf1 Rf8 34.
Bd5 Qxg3 0-1

[Event "Glorney Gilbert International 2016 - Gilbert"]
[Site "Daventry"]
[Date "2016.07.17"]
[Round "2.1"]
[White "Camp, Imogen Al"]
[Black "Graham, Cassie M"]
[Result "0-1"]
[WhiteElo "1726"]
[BlackElo "1866"]
[PlyCount "64"]
[EventDate "2016.07.17"]
[WhiteTeam "Wales"]
[BlackTeam "England"]

1. d4 Nf6 2. Nf3 g6 3. Bf4 Bg7 4. e3 d6 5. c4 O-O 6. Nc3 Nh5 7. Bg5 h6 8. Bh4
g5 9. Bg3 Nxg3 10. hxg3 c5 11. d5 Bf5 12. Bd3 Bg6 13. Bxg6 fxg6 14. Qc2 Qe8 15.
Nb5 Na6 16. a3 Qf7 17. g4 Rfc8 18. O-O-O Nc7 19. Nxc7 Rxc7 20. Rd2 Rb8 21. Qa4
b5 22. cxb5 Rcb7 23. Rd3 Rxb5 24. Nd2 Rxb2 25. Rf1 Qf6 26. Kd1 R2b7 27. Qe4 Rf8
28. Ke2 Rb2 29. Qa4 Ra2 30. Qxa7 c4 31. Rd4 c3 32. Qa5 Rxd2+ 0-1

[Event "Glorney Gilbert International 2016 - Gilbert"]
[Site "Daventry"]
[Date "2016.07.17"]
[Round "2.1"]
[White "Varney, Zoe"]
[Black "Wang, Alyssa"]
[Result "1-0"]
[WhiteElo "1818"]
[BlackElo "1708"]
[PlyCount "111"]
[EventDate "2016.07.17"]
[WhiteTeam "England"]
[BlackTeam "Wales"]

1. e4 c6 2. c4 d5 3. exd5 cxd5 4. cxd5 Nf6 5. Nc3 Nxd5 6. Nf3 Nc6 7. Bb5 Nc7 8.
Bxc6+ bxc6 9. Qa4 Bd7 10. Ne5 c5 11. Qc4 e6 12. Qf4 Qf6 13. d3 Qxf4 14. Bxf4
Nd5 15. Bg3 f6 16. Nc4 Nb4 17. Kd2 Bc6 18. a3 Nd5 19. f3 Rd8 20. Rhe1 Kf7 21.
Rac1 g6 22. Nxd5 exd5 23. Na5 Ba8 24. Ke2 Re8+ 25. Kf1 Rxe1+ 26. Kxe1 Be7 27.
Rc2 Re8 28. Kd2 Rd8 29. Kc1 Ke6 30. Bf2 d4 31. Nb3 Kd5 32. Rc4 Bc6 33. a4 Bb7
34. Kd2 Ba6 35. Rc2 Rb8 36. Nc1 c4 37. dxc4+ Bxc4 38. Ne2 Bb4+ 39. Kc1 Bxe2 40.
Rxe2 Rc8+ 41. Kd1 d3 42. Re4 Rc4 43. Rxc4 Kxc4 44. Bxa7 Kb3 45. Bd4 f5 46. Bc3
Bxc3 47. bxc3 Kxa4 48. Kd2 Kb5 49. Kxd3 Kc5 50. Ke3 g5 51. Kd3 Kd5 52. g3 h6
53. h3 h5 54. f4 g4 55. c4+ Kc5 56. h4 1-0

[Event "Glorney Gilbert International 2016 - Gilbert"]
[Site "Daventry"]
[Date "2016.07.17"]
[Round "2.1"]
[White "Sivarajasingam, Venetia"]
[Black "Wei, Naomi"]
[Result "0-1"]
[WhiteElo "1698"]
[BlackElo "1750"]
[PlyCount "100"]
[EventDate "2016.07.17"]
[WhiteTeam "Wales"]
[BlackTeam "England"]

1. e4 e6 2. d4 d5 3. e5 b6 4. Nf3 Ne7 5. Bd3 Ba6 6. Bxa6 Nxa6 7. Qd3 Nb8 8. c3
Nd7 9. Be3 c5 10. Nbd2 Nc6 11. O-O Be7 12. Rfe1 O-O 13. Nf1 Rc8 14. Rac1 cxd4
15. Bxd4 Nc5 16. Qe3 Qd7 17. Ng5 Bxg5 18. Qxg5 Nd3 19. Ng3 h6 20. Qg4 Kh7 21.
Nh5 Rg8 22. Rcd1 Nxe1 23. Rxe1 Nxd4 24. Qxd4 Qe7 25. Qf4 Rc4 26. Qf3 Rc7 27.
Qd3+ Kh8 28. Qh3 Qg5 29. f4 Qg6 30. g4 d4 31. Qf3 dxc3 32. bxc3 Rgc8 33. Rc1
Rd7 34. Kh1 Qd3 35. Qg2 Qd5 36. Ng3 Qxg2+ 37. Kxg2 Rd2+ 38. Kh3 Rd3 39. Kg2
Rdxc3 40. Rd1 Rc2+ 41. Kh1 Rc1 42. Rg1 Rxg1+ 43. Kxg1 Rc2 44. Ne4 Rxa2 45. Nd6
Kg8 46. Nc8 b5 47. Ne7+ Kf8 48. Nc6 a5 49. Nd4 b4 50. h3 a4 0-1

[Event "Glorney Gilbert International 2016 - Gilbert"]
[Site "Daventry"]
[Date "2016.07.17"]
[Round "2.2"]
[White "Ivanov, Elizabeth"]
[Black "Yuan, Beline"]
[Result "0-1"]
[WhiteElo "1599"]
[BlackElo "1782"]
[PlyCount "40"]
[EventDate "2016.07.17"]
[WhiteTeam "England B"]
[BlackTeam "France"]

1. e4 e6 2. d4 d5 3. exd5 exd5 4. Bd3 Bd6 5. c3 Nc6 6. Qc2 h6 7. h3 Nge7 8. Nf3
Be6 9. Be3 Qd7 10. Nbd2 O-O-O 11. b4 Nf5 12. O-O-O g5 13. g4 Ng7 14. Qa4 Kb8
15. b5 Ne7 16. Ne5 Qe8 17. c4 Bxe5 18. cxd5 Nxd5 19. dxe5 Nxe3 20. fxe3 Rxd3
0-1

[Event "Glorney Gilbert International 2016 - Gilbert"]
[Site "Daventry"]
[Date "2016.07.17"]
[Round "2.2"]
[White "Beda, Salome"]
[Black "Jina, Asha"]
[Result "1/2-1/2"]
[WhiteElo "1694"]
[BlackElo "1572"]
[PlyCount "99"]
[EventDate "2016.07.17"]
[WhiteTeam "France"]
[BlackTeam "England B"]

1. e4 e6 2. d4 d5 3. e5 c5 4. c3 Nc6 5. a3 c4 6. Nf3 Bd7 7. g3 f6 8. exf6 Nxf6
9. Bf4 Be7 10. Nbd2 O-O 11. Bg2 Nh5 12. Be5 Nf6 13. O-O Qb6 14. Qc1 Rad8 15.
Bh3 Bc8 16. Re1 Na5 17. Bf4 Rde8 18. Qc2 Bd6 19. Bxd6 Qxd6 20. Re2 Nc6 21. Rae1
Re7 22. Ng5 e5 23. dxe5 Rxe5 24. Ndf3 Rxe2 25. Qxe2 Bxh3 26. Nxh3 Re8 27. Qd1
Rxe1+ 28. Qxe1 Ne4 29. Nf4 Ne5 30. Nxe5 Qxe5 31. f3 Ng5 32. Qxe5 Nxf3+ 33. Kf2
Nxe5 34. Ke3 Kf7 35. Kd4 Nf3+ 36. Kxd5 Nxh2 37. Kxc4 Nf1 38. Ne2 Ne3+ 39. Kd3
Nf5 40. b4 Ke6 41. c4 g5 42. g4 Nd6 43. Nd4+ Ke5 44. c5 Nc8 45. Ke3 Ne7 46. Nb5
Nc6 47. Nd6 b6 48. Ne4 h6 49. cxb6 axb6 50. Ng3 1/2-1/2

[Event "Glorney Gilbert International 2016 - Gilbert"]
[Site "Daventry"]
[Date "2016.07.17"]
[Round "2.3"]
[White "Reid, Caitlin"]
[Black "O'gorman, Alice"]
[Result "0-1"]
[WhiteElo "1471"]
[BlackElo "1777"]
[PlyCount "78"]
[EventDate "2016.07.17"]
[WhiteTeam "Scotland"]
[BlackTeam "Ireland"]

1. d4 d5 2. Bg5 Nf6 3. e3 e6 4. f4 Be7 5. Bd3 Nbd7 6. Nd2 c5 7. c3 h6 8. Bh4
Qb6 9. b3 Qa5 10. c4 cxd4 11. exd4 Qc3 12. Bc2 Qxd4 13. Ne2 Qb6 14. Bf2 Qd8 15.
cxd5 Nxd5 16. Ne4 Bb4+ 17. Kf1 N7f6 18. g3 Ng4 19. Qd3 Nxf2 20. Kxf2 Qb6+ 21.
Qd4 Qxd4+ 22. Nxd4 f5 23. a3 Be7 24. Nd2 Bc5 25. N2f3 O-O 26. Rhd1 Rd8 27. Ke1
Ne3 28. Rd2 Bxd4 29. Nxd4 Rxd4 30. Re2 Nxc2+ 31. Rxc2 Bd7 32. Rc7 Bc6 33. a4
Rad8 34. a5 a6 35. Rc1 R4d7 36. Rxd7 Rxd7 37. Kf2 Rd2+ 38. Kg1 Rg2+ 39. Kh1
Rc2+ 0-1

[Event "Glorney Gilbert International 2016 - Gilbert"]
[Site "Daventry"]
[Date "2016.07.17"]
[Round "2.3"]
[White "Plaza Reino, Mercedes"]
[Black "Hegde, Stuthi"]
[Result "1-0"]
[WhiteElo "1655"]
[BlackElo "1408"]
[PlyCount "85"]
[EventDate "2016.07.17"]
[WhiteTeam "Ireland"]
[BlackTeam "Scotland"]

1. c4 c5 2. Nf3 g6 3. d4 Bg7 4. e4 cxd4 5. Nxd4 Nc6 6. Be3 d6 7. Nc3 Bd7 8. Be2
Nf6 9. f3 O-O 10. Qd2 Re8 11. O-O Ne5 12. Rac1 b6 13. Nd5 Nc6 14. Rc2 Nxd4 15.
Bxd4 Rc8 16. Nxf6+ exf6 17. Bf2 Bc6 18. Rd1 Bf8 19. Bg3 Re6 20. Qd3 Qe7 21.
Rcd2 Rd8 22. Qa3 Ba8 23. c5 bxc5 24. Bc4 d5 25. exd5 Re3 26. Qa4 Bh6 27. d6 Qb7
28. Bd5 Qb6 29. Bxa8 Rxa8 30. d7 Rd8 31. Rc2 c4 32. Bf2 Qe6 33. Bxe3 Qxe3+ 34.
Kf1 Bf4 35. Re2 Qb6 36. Qxc4 Bxh2 37. Rf2 Bg3 38. Rc2 Bh2 39. Qc5 Qa6+ 40. Kf2
Qe6 41. Re2 Qxa2 42. Re8+ Kg7 43. Qf8# 1-0

[Event "Glorney Gilbert International 2016 - Gilbert"]
[Site "Daventry"]
[Date "2016.07.17"]
[Round "2.3"]
[White "Smith, Sarah E"]
[Black "Manojlovic, Anastasija"]
[Result "1-0"]
[WhiteElo "1471"]
[BlackElo "1569"]
[PlyCount "79"]
[EventDate "2016.07.17"]
[WhiteTeam "Scotland"]
[BlackTeam "Ireland"]

1. Nf3 d5 2. c4 Nf6 3. g3 Nc6 4. b3 e5 5. Bb2 dxc4 6. bxc4 Bd6 7. d3 O-O 8. Bg2
Re8 9. Ng5 h6 10. Ne4 Nxe4 11. Bxe4 Bc5 12. O-O Bh3 13. Re1 Qf6 14. e3 Qg5 15.
Nc3 f5 16. Bh1 h5 17. Nd5 Rac8 18. Bg2 Bxg2 19. Kxg2 h4 20. Qf3 Bd6 21. a4 e4
22. dxe4 fxe4 23. Qe2 Ne5 24. Nf4 Ng6 25. Bd4 hxg3 26. fxg3 Nxf4+ 27. exf4 Bxf4
28. Bxa7 Bd6 29. Be3 Qg6 30. c5 Be5 31. Rab1 Qc6 32. Qc4+ Kh7 33. h4 Qg6 34.
Bg5 Qf5 35. Rxe4 Bxg3 36. Rxe8 Qf2+ 37. Kh3 Qf3 38. Qg8+ Kg6 39. Re6+ Kf5 40.
Qf7# 1-0

[Event "Glorney Gilbert International 2016 - Gilbert"]
[Site "Daventry"]
[Date "2016.07.18"]
[Round "3.1"]
[White "O'gorman, Alice"]
[Black "Camp, Imogen Al"]
[Result "1/2-1/2"]
[WhiteElo "1777"]
[BlackElo "1726"]
[PlyCount "88"]
[EventDate "2016.07.17"]
[WhiteTeam "Ireland"]
[BlackTeam "Wales"]

1. e4 e5 2. Nf3 Nc6 3. Bc4 Bc5 4. O-O d6 5. Re1 Bg4 6. c3 Nf6 7. d3 h6 8. Nbd2
O-O 9. Bb3 Nh7 10. h3 Be6 11. Nf1 Bb6 12. Be3 Qe7 13. Bc2 f5 14. exf5 Bxf5 15.
Ng3 Be6 16. Bxb6 axb6 17. d4 Qf7 18. Qd3 Nf6 19. dxe5 Nxe5 20. Nxe5 dxe5 21. b3
e4 22. Qf1 Rfe8 23. c4 Ra5 24. Nxe4 Nxe4 25. Bxe4 Bc8 26. Bd5 Rxd5 27. cxd5 Rf8
28. Rad1 Qg6 29. Qd3 Qf6 30. Rd2 Bf5 31. Qc4 Qd6 32. Rde2 Rf6 33. g4 Bd7 34.
Rc1 b5 35. Qxc7 Qxd5 36. Rf1 Bc6 37. Qh2 b4 38. Rfe1 Kh7 39. Rc1 Qf3 40. Rec2
Qe4 41. Rxc6 bxc6 42. Qg2 Qe2 43. Ra1 Qb2 44. Qf1 Kh8 1/2-1/2

[Event "Glorney Gilbert International 2016 - Gilbert"]
[Site "Daventry"]
[Date "2016.07.18"]
[Round "3.1"]
[White "Wang, Alyssa"]
[Black "Plaza Reino, Mercedes"]
[Result "1-0"]
[WhiteElo "1708"]
[BlackElo "1655"]
[PlyCount "127"]
[EventDate "2016.07.17"]
[WhiteTeam "Wales"]
[BlackTeam "Ireland"]

1. d4 d5 2. c4 e6 3. Nf3 c6 4. g3 Nd7 5. Bg2 Ngf6 6. Nc3 dxc4 7. Bg5 Be7 8. O-O
h6 9. Bf4 Nd5 10. Qd2 a6 11. a4 Bb4 12. e4 Nxf4 13. gxf4 O-O 14. Qe3 Rb8 15.
Na2 Ba5 16. b4 cxb3 17. Qxb3 Qb6 18. Qe3 Nf6 19. Ne5 Rd8 20. Rfd1 Qb2 21. Nc4
Qc2 22. Nxa5 Qxa4 23. Nc3 Qb4 24. Rdb1 Qf8 25. Nxc6 Bd7 26. Nxb8 Rxb8 27. Rb6
Bc6 28. d5 exd5 29. exd5 Bd7 30. Rab1 Re8 31. Qd3 Bc8 32. Qg3 Kh8 33. Qd3 Nd7
34. R6b4 Nc5 35. Qd4 Bf5 36. Rd1 Bc2 37. Rf1 Bd3 38. Ra1 Bc2 39. Rf1 Bd3 40.
Rb2 Bxf1 41. Bxf1 b5 42. Rb1 Qd6 43. Bg2 Re7 44. Qb4 Qc7 45. Rd1 Qd6 46. Qd4
Nb3 47. Qd3 Nc5 48. Qf5 Re8 49. Qxf7 Rf8 50. Qh5 Qxf4 51. Rf1 Qd2 52. Qe5 Nd3
53. Ne4 Qc2 54. Qe7 Rc8 55. d6 Nf4 56. d7 Nxg2 57. Kxg2 Qc7 58. Qe8+ Rxe8 59.
dxe8=Q+ Kh7 60. Re1 Qf4 61. Ng3 b4 62. Qe4+ Qxe4+ 63. Nxe4 a5 64. Ra1 1-0

[Event "Glorney Gilbert International 2016 - Gilbert"]
[Site "Daventry"]
[Date "2016.07.18"]
[Round "3.1"]
[White "Manojlovic, Anastasija"]
[Black "Sivarajasingam, Venetia"]
[Result "1-0"]
[WhiteElo "1569"]
[BlackElo "1698"]
[PlyCount "73"]
[EventDate "2016.07.17"]
[WhiteTeam "Ireland"]
[BlackTeam "England"]

1. e4 e6 2. d4 d5 3. exd5 exd5 4. Nf3 Bd6 5. c4 c6 6. Nc3 Nf6 7. Bd3 dxc4 8.
Bxc4 O-O 9. O-O Bg4 10. Qd3 Qc7 11. h3 Bh5 12. Re1 Nbd7 13. a3 Rad8 14. Bd2 Nb6
15. Bb3 c5 16. Nb5 Qb8 17. Nxd6 Qxd6 18. Qf5 Bxf3 19. Qxf3 Qxd4 20. Bc3 Qh4 21.
Qxb7 Rd7 22. Qf3 Rfd8 23. Rad1 Nbd5 24. Bxd5 Qa4 25. Bc6 Qxd1 26. Rxd1 Rxd1+
27. Kh2 Rc1 28. Ba4 h6 29. Bb3 c4 30. Bxc4 Rcd1 31. Qg3 R1d6 32. Ba5 Nh5 33.
Qf3 Rf6 34. Qxh5 Rc8 35. Qg4 Re8 36. Bc3 Rg6 37. Qxg6 1-0

[Event "Glorney Gilbert International 2016 - Gilbert"]
[Site "Daventry"]
[Date "2016.07.18"]
[Round "3.2"]
[White "Green, Emily"]
[Black "Reid, Caitlin"]
[Result "1-0"]
[WhiteElo "1688"]
[BlackElo "1471"]
[PlyCount "63"]
[EventDate "2016.07.17"]
[WhiteTeam "England B"]
[BlackTeam "Scotland"]

1. e4 c5 2. Nf3 g6 3. d4 cxd4 4. Nxd4 Bg7 5. Be3 Nc6 6. Nc3 Nf6 7. Bc4 O-O 8.
Bb3 a6 9. f3 e6 10. Qd2 b5 11. O-O-O Bb7 12. g4 Qc7 13. h4 Rfd8 14. Nxc6 dxc6
15. Qf2 Nd7 16. Ne2 c5 17. c3 a5 18. h5 c4 19. Bc2 b4 20. Bd4 Bxd4 21. Rxd4 Ne5
22. Rhd1 Rab8 23. hxg6 fxg6 24. Rxd8+ Rxd8 25. Rxd8+ Qxd8 26. Nd4 Qf6 27. Qg3
Kg7 28. g5 Nd3+ 29. Bxd3 Qe7 30. Qe5+ Kg8 31. Bxc4 bxc3 32. Bxe6+ 1-0

[Event "Glorney Gilbert International 2016 - Gilbert"]
[Site "Daventry"]
[Date "2016.07.18"]
[Round "3.2"]
[White "Hegde, Stuthi"]
[Black "Ivanov, Elizabeth"]
[Result "1/2-1/2"]
[WhiteElo "1408"]
[BlackElo "1599"]
[PlyCount "87"]
[EventDate "2016.07.17"]
[WhiteTeam "Scotland"]
[BlackTeam "England B"]

1. d4 d5 2. Nf3 c6 3. c3 Nf6 4. Bf4 Bf5 5. e3 e6 6. Nbd2 Bd6 7. Bxd6 Qxd6 8.
Ne5 Nbd7 9. Ndf3 Ng4 10. Nxd7 Qxd7 11. h3 Nf6 12. Bd3 Bxd3 13. Qxd3 Ne4 14. O-O
O-O 15. Nd2 Nxd2 16. Qxd2 Qe7 17. Rfe1 Qg5 18. Rad1 Rad8 19. e4 Qxd2 20. Rxd2
Rfe8 21. e5 b6 22. Rc1 c5 23. dxc5 bxc5 24. Rcd1 Rb8 25. b3 Rec8 26. f4 c4 27.
b4 Kf8 28. f5 Rc7 29. fxe6 fxe6 30. Rf2+ Rf7 31. Rdf1 Rxf2 32. Kxf2 Ke7 33. Ke3
Rf8 34. Rxf8 Kxf8 35. Kd4 Ke8 36. Kc5 Kd7 37. a3 Kc7 38. a4 g5 39. g4 h6 40. b5
Kc8 41. Kd4 Kd7 42. a5 Kc7 43. Kc5 Kc8 44. Kd4 1/2-1/2

[Event "Glorney Gilbert International 2016 - Gilbert"]
[Site "Daventry"]
[Date "2016.07.18"]
[Round "3.2"]
[White "Jina, Asha"]
[Black "Smith, Sarah E"]
[Result "1-0"]
[WhiteElo "1572"]
[BlackElo "1471"]
[PlyCount "79"]
[EventDate "2016.07.17"]
[WhiteTeam "England"]
[BlackTeam "Scotland"]

1. Nf3 Nf6 2. g3 c5 3. c4 Nc6 4. Bg2 g6 5. O-O Bg7 6. Nc3 d6 7. d4 cxd4 8. Nxd4
Bd7 9. e4 O-O 10. Nb3 Qc8 11. Nd5 Nxd5 12. cxd5 Ne5 13. Bg5 Re8 14. Rc1 Qd8 15.
Nd4 h6 16. Be3 Rc8 17. Qe2 Qa5 18. a3 Qa4 19. h3 Qa5 20. f4 Ng4 21. hxg4 Bxd4
22. Bxd4 Bb5 23. Qe1 Qa4 24. Bc3 Bxf1 25. Qxf1 Rc4 26. Bf3 Rec8 27. Bd1 Qd7 28.
Qh3 Kh7 29. Qh1 Rd4 30. Ra1 Rdc4 31. g5 h5 32. Bxh5 Rxc3 33. Bg4+ Kg7 34. Bxd7
Rh8 35. Qxh8+ Kxh8 36. bxc3 Kg7 37. f5 gxf5 38. exf5 f6 39. gxf6+ Kxf6 40. Re1
1-0

[Event "Glorney Gilbert International 2016 - Gilbert"]
[Site "Daventry"]
[Date "2016.07.18"]
[Round "3.3"]
[White "Yuan, Beline"]
[Black "Varney, Zoe"]
[Result "1/2-1/2"]
[WhiteElo "1782"]
[BlackElo "1818"]
[PlyCount "81"]
[EventDate "2016.07.17"]
[WhiteTeam "France"]
[BlackTeam "England"]

1. d4 d5 2. c4 c6 3. Nc3 Nf6 4. cxd5 cxd5 5. Bf4 Nc6 6. e3 a6 7. Bd3 Bg4 8. Qb3
Na5 9. Qa4+ b5 10. Qc2 Rc8 11. a3 e6 12. f3 Bh5 13. Nge2 Bg6 14. e4 dxe4 15.
fxe4 Nc6 16. Rd1 Be7 17. h3 O-O 18. Be3 b4 19. axb4 Nxb4 20. Qb1 Qb6 21. O-O e5
22. Kh1 Rfd8 23. dxe5 Qxe3 24. exf6 Rxd3 25. Rxd3 Nxd3 26. fxe7 Bxe4 27. Nxe4
Qxe4 28. Nc3 Qc4 29. Qd1 Re8 30. Rf3 Ne5 31. Qd8 Qc8 32. Qxc8 Rxc8 33. Rf1 f6
34. Rd1 Re8 35. Rd8 Kf7 36. Nd5 Nc6 37. Rxe8 Kxe8 38. Nc7+ Kxe7 39. Nxa6 Kd6
40. Kg1 Ne5 41. Kf1 1/2-1/2

[Event "Glorney Gilbert International 2016 - Gilbert"]
[Site "Daventry"]
[Date "2016.07.18"]
[Round "3.3"]
[White "Wei, Naomi"]
[Black "Beda, Salome"]
[Result "1-0"]
[WhiteElo "1750"]
[BlackElo "1694"]
[PlyCount "53"]
[EventDate "2016.07.17"]
[WhiteTeam "England"]
[BlackTeam "France"]

1. d4 d5 2. c4 e6 3. Nc3 Nf6 4. cxd5 exd5 5. Bg5 Be7 6. e3 c6 7. Bd3 Nbd7 8.
Qc2 O-O 9. Nf3 Re8 10. O-O Nf8 11. h3 h6 12. Bf4 Be6 13. Rab1 Bd6 14. Bxd6 Qxd6
15. b4 a6 16. Na4 a5 17. b5 Reb8 18. bxc6 bxc6 19. Ne5 Bd7 20. Nb6 Ra7 21.
Nbxd7 N8xd7 22. Qxc6 Qxc6 23. Nxc6 Rxb1 24. Rxb1 Ra8 25. Rb5 a4 26. Ne7+ Kf8
27. Nxd5 1-0

[Event "Glorney Gilbert International 2016 - Gilbert"]
[Site "Daventry"]
[Date "2016.07.18"]
[Round "4.1"]
[White "Yuan, Beline"]
[Black "Wang, Alyssa"]
[Result "1/2-1/2"]
[WhiteElo "1782"]
[BlackElo "1708"]
[PlyCount "71"]
[EventDate "2016.07.17"]
[WhiteTeam "France"]
[BlackTeam "Wales"]

1. d4 d5 2. c4 c6 3. Nc3 Nf6 4. cxd5 cxd5 5. Bf4 Nc6 6. e3 a6 7. Nf3 e6 8. Bd3
Bd6 9. Bg5 h6 10. Bh4 Qb6 11. Qe2 O-O 12. O-O Bd7 13. Rac1 Nb4 14. Bb1 Bb5 15.
Nxb5 Qxb5 16. Qd1 Rac8 17. a3 Nc6 18. Qc2 Ne7 19. Qd2 Ne4 20. Bxe4 dxe4 21.
Bxe7 Bxe7 22. Ne5 Bd6 23. f4 exf3 24. Nxf3 Qd5 25. Qd3 f5 26. Rc3 Rxc3 27. Qxc3
Qe4 28. Rd1 f4 29. exf4 Bxf4 30. Re1 Qd5 31. Qb4 Bd6 32. Qc3 Bb8 33. Qc5 Bd6
34. Qc3 Bf4 35. Qb4 Rf6 36. Qc5 1/2-1/2

[Event "Glorney Gilbert International 2016 - Gilbert"]
[Site "Daventry"]
[Date "2016.07.18"]
[Round "4.1"]
[White "Sivarajasingam, Venetia"]
[Black "Beda, Salome"]
[Result "1-0"]
[WhiteElo "1698"]
[BlackElo "1694"]
[PlyCount "54"]
[EventDate "2016.07.17"]
[WhiteTeam "Wales"]
[BlackTeam "France"]

1. e4 e6 2. d4 d5 3. e5 c5 4. c3 Nc6 5. Nf3 Qb6 6. a3 Bd7 7. b4 cxd4 8. cxd4
Rc8 9. Be3 Nge7 10. Bd3 Nf5 11. Nbd2 Be7 12. O-O O-O 13. Nb3 Nxe3 14. fxe3 f6
15. exf6 Bxf6 16. Nc5 Nb8 17. Nd2 Be8 18. Qg4 Bd7 19. Rf3 Rf7 20. Qh5 h6 21.
Raf1 Be8 22. Qg4 Nd7 23. Nxd7 Bxd7 24. Rxf6 Rxf6 25. Rxf6 e5 26. Qxd7 Re8 27.
Qg4 Rc8 1-0